Introduction to ECG Signal Processing using MATLAB / (Record no. 175862)

MARC details
000 -LEADER
fixed length control field 01489pam a2200433 i 4500
001 - CONTROL NUMBER
control field vtls000846363
003 - CONTROL NUMBER IDENTIFIER
control field PNM
005 - DATE AND TIME OF LATEST TRANSACTION
control field 20200106160443.0
008 - FIXED-LENGTH DATA ELEMENTS--GENERAL INFORMATION
fixed length control field 180130t20182018my da g a001 0deng
015 ## - NATIONAL BIBLIOGRAPHY NUMBER
National bibliography number M181-02950
020 ## - INTERNATIONAL STANDARD BOOK NUMBER
International Standard Book Number 9789835215254
Qualifying information paperback
Terms of availability RM35.00
039 #9 - LEVEL OF BIBLIOGRAPHIC CONTROL AND CODING DETAIL [OBSOLETE]
Level of rules in bibliographic description 201906201532
Level of effort used to assign nonsubject heading access points AUTHORITY
Level of effort used to assign subject headings 201903121554
Level of effort used to assign classification hishamuddin
Level of effort used to assign subject headings 201903041235
Level of effort used to assign classification hishamuddin
Level of effort used to assign subject headings 201902281221
Level of effort used to assign classification mawarny
040 ## - CATALOGING SOURCE
Original cataloging agency BNM
Language of cataloging eng
Transcribing agency BNM
Description conventions rda
Modifying agency PPAK
049 ## - LOCAL HOLDINGS (OCLC)
Holding library mal
082 04 - DEWEY DECIMAL CLASSIFICATION NUMBER
Classification number 616.1207547
Edition number 23
090 00 - LOCALLY ASSIGNED LC-TYPE CALL NUMBER (OCLC); LOCAL CALL NUMBER (RLIN)
Classification number (OCLC) (R) ; Classification number, CALL (RLIN) (NR) 616.1207547
Feature heading MAL
Feature heading G
100 0# - MAIN ENTRY--PERSONAL NAME
Personal name Malarvili Bala Krishnan,
Relator term author.
245 10 - TITLE STATEMENT
Title Introduction to ECG Signal Processing using MATLAB /
Statement of responsibility, etc. MALARVILI BALA KRISHNAN, NOOR AIMIE SALLEH, PRANSHUL SARDANA ; Editor: ISSHAM ISMAIL
250 ## - EDITION STATEMENT
Edition statement First Edition 2018
264 #1 - PRODUCTION, PUBLICATION, DISTRIBUTION, MANUFACTURE, AND COPYRIGHT NOTICE
Place of production, publication, distribution, manufacture Johor Bharu, Johor :
Name of producer, publisher, distributor, manufacturer Penerbit UTM Press,
Date of production, publication, distribution, manufacture, or copyright notice 2018
Date of production, publication, distribution, manufacture, or copyright notice ©2018
300 ## - PHYSICAL DESCRIPTION
Extent xii, 98 pages :
Other physical details colour illustrations, colour charts ;
Dimensions 23 cm
336 ## - CONTENT TYPE
Content type term text
Source rdacontent
337 ## - MEDIA TYPE
Media type term unmediated
Source rdamedia
338 ## - CARRIER TYPE
Carrier type term volume
Source rdacarrier
500 ## - GENERAL NOTE
General note Includes index
504 ## - BIBLIOGRAPHY, ETC. NOTE
Bibliography, etc. note Bibliography: pages [89]-96
630 00 - SUBJECT ADDED ENTRY--UNIFORM TITLE
Uniform title MATLAB
650 10 - SUBJECT ADDED ENTRY--TOPICAL TERM
Topical term or geographic name entry element Electrocardiography
Topical term or geographic name entry element Computer programs
Topical term or geographic name entry element Government publications
Geographic subdivision Malaysia
700 0# - ADDED ENTRY--PERSONAL NAME
Personal name Noor Aimie Salleh,
Relator term author.
Personal name Pranshul Sardana,
Relator term author.
Personal name Issham Ismail,
Titles and other words associated with a name Prof. Madya, Dr.,
Dates associated with a name 1960-
Relator term editor.
942 ## - ADDED ENTRY ELEMENTS (KOHA)
Source of classification or shelving scheme Dewey Decimal Classification
Koha item type Book
949 ## - LOCAL PROCESSING INFORMATION (OCLC)
6 2000693999
6 2000693998
6 2000692441
Holdings
Withdrawn Not for loan Current library Shelving location Date acquired Total Checkouts Full call number Barcode Date last seen Date last checked out Koha item type
    Perpustakaan Alor Setar Pinjaman Dewasa 14/01/2020 1 616.1207547 MAL A01628136 12/07/2022 01/06/2022 Book
    Perpustakaan Awam Sungai Petani Pinjaman Dewasa 14/01/2020   616.1207547 MAL A01628137 14/01/2020   Book
    Perpustakaan Jitra Pinjaman Dewasa 14/01/2020   616.1207547 MAL A01628138 14/01/2020   Book
    Perpustakaan Kulim Pinjaman Dewasa 14/01/2020   616.1207547 MAL A01628139 14/01/2020   Book
    Perpustakaan Langkawi Pinjaman Dewasa 14/01/2020   616.1207547 MAL A01628140 14/01/2020   Book